Länder ohne E im Namen - Statistiken

Allgemein
  • Dieses Quiz wurde 930 mal gespielt
  • Das Durchschnittsergebnis liegt bei 46 aus 85
Antwortstatistiken
Hint Antwort % Korrekt
27 Russland
87%
77 China
85%
28 Finnland
82%
1 Kanada
82%
19 Portugal
81%
78 Japan
80%
18 Irland
79%
29 Island
76%
60 Irak
73%
61 Iran
73%
52 Südafrika
67%
37 Ghana
66%
30 Marokko
66%
24 Malta
65%
21 Monaco
65%
20 Andorra
64%
56 Oman
64%
70 Thailand
63%
17 Uruguay
63%
23 Vatikanstadt
63%
65 Afghanistan
62%
62 Kasachstan
62%
38 Togo
61%
26 Ungarn
61%
7 Kuba
60%
31 Sudan
60%
66 Pakistan
59%
5 Panama
59%
34 Mali
58%
16 Paraguay
58%
71 Laos
57%
53 Madagaskar
57%
9 Haiti
56%
32 Südsudan
56%
22 San Marino
55%
83 Fidschi
54%
2 Honduras
54%
57 Katar
54%
49 Angola
53%
6 Bahamas
53%
4 Costa Rica
53%
8 Jamaika
53%
35 Gambia
51%
50 Namibia
51%
33 Tschad
51%
40 Uganda
51%
15 Guyana
50%
63 Kirgisistan
50%
48 Sambia
50%
41 Somalia
50%
64 Tadschikistan
50%
68 Bhutan
49%
45 Tansania
49%
72 Kambodscha
48%
55 Libanon
48%
67 Sri Lanka
48%
73 Malaysia
47%
43 Ruanda
47%
69 Myanmar
46%
76 Taiwan
46%
84 Tonga
46%
39 Gabun
45%
42 Dschibuti
45%
3 Nicaragua
45%
74 Singapur
45%
44 Burundi
43%
59 Kuwait
43%
47 Malawi
43%
12 Saint Lucia
43%
82 Tuvalu
43%
58 Bahrain
42%
11 Dominica
42%
46 Mosambik
42%
13 Barbados
41%
54 Mauritius
41%
85 Samoa
41%
81 Nauru
40%
75 Osttimor
40%
79 Palau
40%
80 Vanuatu
40%
36 Burkina Faso
37%
10 Antigua und Barbuda
32%
14 Trinidad und Tobago
25%
25 Moldau
24%
51 Botsuana
16%
Keine übereinstimmenden Quizze gefunden
Verteilung der Resultate
Anzahl Personen mit jedem Resultat
Perzentil nach korrekt beantworteten Fragen
Ihre Resultats-Entwicklung
Sie haben dieses Quiz noch nicht gespielt